<?xml version="1.0" encoding="UTF-8"?>
<record
    xmlns:xsi="http://www.w3.org/2001/XMLSchema-instance"
    xsi:schemaLocation="http://www.loc.gov/MARC21/slim http://www.loc.gov/standards/marcxml/schema/MARC21slim.xsd"
    xmlns="http://www.loc.gov/MARC21/slim">

  <leader>00798nam a22001577a 4500</leader>
  <controlfield tag="003">OSt</controlfield>
  <controlfield tag="005">20160615094419.0</controlfield>
  <controlfield tag="008">160615b        xxu||||| |||| 00| 0 eng d</controlfield>
  <datafield tag="040" ind1=" " ind2=" ">
    <subfield code="c">RUA</subfield>
  </datafield>
  <datafield tag="082" ind1=" " ind2=" ">
    <subfield code="a">AGR RET 2013 B474 Or.1</subfield>
  </datafield>
  <datafield tag="100" ind1=" " ind2=" ">
    <subfield code="9">8422</subfield>
    <subfield code="a">RET RATHA; &#x179A;&#x17C9;&#x17C1;&#x178F; &#x179A;&#x178A;&#x17D2;&#x178B;&#x17B6;</subfield>
  </datafield>
  <datafield tag="245" ind1=" " ind2=" ">
    <subfield code="a">Study on farmer's pesticide use on dry season rice in samraong commune, prey chhor district, kampong cham province, &#x179F;&#x17B7;&#x1780;&#x17D2;&#x179F;&#x17B6;&#x17A2;&#x17C6;&#x1796;&#x17B8;&#x1780;&#x17B6;&#x179A;&#x1794;&#x17D2;&#x179A;&#x17BE;&#x1794;&#x17D2;&#x179A;&#x17B6;&#x179F;&#x17CB;&#x1790;&#x17D2;&#x1793;&#x17B6;&#x17C6;&#x1780;&#x179F;&#x17B7;&#x1780;&#x1798;&#x17D2;&#x1798;&#x179A;&#x1794;&#x179F;&#x17CB;&#x1780;&#x179F;&#x17B7;&#x1780;&#x179A;&#x179B;&#x17BE;&#x178A;&#x17C6;&#x178E;&#x17B6;&#x17C6;&#x179F;&#x17D2;&#x179A;&#x17BC;&#x179C;&#x1794;&#x17D2;&#x179A;&#x17B6;&#x17C6;&#x1784;&#x1780;&#x17D2;&#x1793;&#x17BB;&#x1784;&#x1783;&#x17BB;&#x17C6;&#x179A;&#x17C4;&#x1784; &#x179F;&#x17D2;&#x179A;&#x17BB;&#x1780;&#x1796;&#x17D2;&#x179A;&#x17C3;&#x1788;&#x179A; &#x1781;&#x17C1;&#x178F;&#x17D2;&#x178F;&#x1780;&#x17C6;&#x1796;&#x1784;&#x17CB;&#x1785;&#x17B6;&#x1798;</subfield>
  </datafield>
  <datafield tag="260" ind1=" " ind2=" ">
    <subfield code="a">Phnom penh</subfield>
    <subfield code="b">RUA</subfield>
    <subfield code="c">2013</subfield>
  </datafield>
  <datafield tag="300" ind1=" " ind2=" ">
    <subfield code="a">xi,42p.</subfield>
    <subfield code="b">ill.</subfield>
    <subfield code="c">29cm.</subfield>
  </datafield>
  <datafield tag="942" ind1=" " ind2=" ">
    <subfield code="2">ddc</subfield>
    <subfield code="c">AGR</subfield>
  </datafield>
  <datafield tag="999" ind1=" " ind2=" ">
    <subfield code="c">8067</subfield>
    <subfield code="d">8067</subfield>
  </datafield>
  <datafield tag="952" ind1=" " ind2=" ">
    <subfield code="0">0</subfield>
    <subfield code="1">0</subfield>
    <subfield code="2">ddc</subfield>
    <subfield code="4">0</subfield>
    <subfield code="6">AGR_RET_2013_000000000000000_B474_OR_1</subfield>
    <subfield code="7">0</subfield>
    <subfield code="9">45842</subfield>
    <subfield code="a">LBB</subfield>
    <subfield code="b">LBB</subfield>
    <subfield code="c">B474</subfield>
    <subfield code="d">2016-06-15</subfield>
    <subfield code="o">AGR RET 2013 B474 Or.1</subfield>
    <subfield code="p">RUA057841</subfield>
    <subfield code="r">2016-06-15</subfield>
    <subfield code="w">2016-06-15</subfield>
    <subfield code="y">AGR</subfield>
  </datafield>
  <datafield tag="952" ind1=" " ind2=" ">
    <subfield code="0">0</subfield>
    <subfield code="1">0</subfield>
    <subfield code="2">ddc</subfield>
    <subfield code="4">0</subfield>
    <subfield code="6">AGR_RET_2013_000000000000000_B474_OR_2</subfield>
    <subfield code="7">0</subfield>
    <subfield code="9">45843</subfield>
    <subfield code="a">LBB</subfield>
    <subfield code="b">LBB</subfield>
    <subfield code="c">B474</subfield>
    <subfield code="d">2016-06-15</subfield>
    <subfield code="l">3</subfield>
    <subfield code="o">AGR RET 2013 B474 Or.2</subfield>
    <subfield code="p">RUA057745</subfield>
    <subfield code="r">2025-11-12</subfield>
    <subfield code="s">2025-11-07</subfield>
    <subfield code="w">2016-06-15</subfield>
    <subfield code="y">AGR</subfield>
  </datafield>
  <datafield tag="952" ind1=" " ind2=" ">
    <subfield code="0">0</subfield>
    <subfield code="1">0</subfield>
    <subfield code="2">ddc</subfield>
    <subfield code="4">0</subfield>
    <subfield code="6">AGR_RET_2013_000000000000000_B474_OR_3</subfield>
    <subfield code="7">0</subfield>
    <subfield code="9">45844</subfield>
    <subfield code="a">LBB</subfield>
    <subfield code="b">LBB</subfield>
    <subfield code="c">B474</subfield>
    <subfield code="d">2016-06-15</subfield>
    <subfield code="o">AGR RET 2013 B474 Or.3</subfield>
    <subfield code="p">RUA057785</subfield>
    <subfield code="r">2016-06-15</subfield>
    <subfield code="w">2016-06-15</subfield>
    <subfield code="y">AGR</subfield>
  </datafield>
  <datafield tag="952" ind1=" " ind2=" ">
    <subfield code="0">0</subfield>
    <subfield code="1">0</subfield>
    <subfield code="2">ddc</subfield>
    <subfield code="4">0</subfield>
    <subfield code="6">AGR_RET_2013_000000000000000_B474_OR_4</subfield>
    <subfield code="7">0</subfield>
    <subfield code="9">45845</subfield>
    <subfield code="a">LBB</subfield>
    <subfield code="b">LBB</subfield>
    <subfield code="c">B474</subfield>
    <subfield code="d">2016-06-15</subfield>
    <subfield code="o">AGR RET 2013 B474 Or.4</subfield>
    <subfield code="p">RUA058024</subfield>
    <subfield code="r">2016-06-15</subfield>
    <subfield code="w">2016-06-15</subfield>
    <subfield code="y">AGR</subfield>
  </datafield>
  <datafield tag="952" ind1=" " ind2=" ">
    <subfield code="0">0</subfield>
    <subfield code="1">0</subfield>
    <subfield code="2">ddc</subfield>
    <subfield code="4">0</subfield>
    <subfield code="6">AGR_RET_2013_000000000000000_B474_OR_5</subfield>
    <subfield code="7">0</subfield>
    <subfield code="9">45846</subfield>
    <subfield code="a">LBB</subfield>
    <subfield code="b">LBB</subfield>
    <subfield code="c">B474</subfield>
    <subfield code="d">2016-06-15</subfield>
    <subfield code="l">2</subfield>
    <subfield code="o">AGR RET 2013 B474 Or.5</subfield>
    <subfield code="p">RUA057964</subfield>
    <subfield code="r">2016-11-22</subfield>
    <subfield code="s">2016-10-11</subfield>
    <subfield code="w">2016-06-15</subfield>
    <subfield code="y">AGR</subfield>
  </datafield>
  <datafield tag="952" ind1=" " ind2=" ">
    <subfield code="0">0</subfield>
    <subfield code="1">0</subfield>
    <subfield code="2">ddc</subfield>
    <subfield code="4">0</subfield>
    <subfield code="6">AGR_RET_2013_000000000000000_B474_OR_6</subfield>
    <subfield code="7">0</subfield>
    <subfield code="9">45847</subfield>
    <subfield code="a">LBB</subfield>
    <subfield code="b">LBB</subfield>
    <subfield code="c">B474</subfield>
    <subfield code="d">2016-06-15</subfield>
    <subfield code="o">AGR RET 2013 B474 Or.6</subfield>
    <subfield code="p">RUA057697</subfield>
    <subfield code="r">2016-09-15</subfield>
    <subfield code="w">2016-06-15</subfield>
    <subfield code="y">AGR</subfield>
  </datafield>
  <datafield tag="952" ind1=" " ind2=" ">
    <subfield code="0">0</subfield>
    <subfield code="1">0</subfield>
    <subfield code="2">ddc</subfield>
    <subfield code="4">0</subfield>
    <subfield code="6">AGR_RET_2013_000000000000000_B474_OR_7</subfield>
    <subfield code="7">0</subfield>
    <subfield code="9">45848</subfield>
    <subfield code="a">LBB</subfield>
    <subfield code="b">LBB</subfield>
    <subfield code="c">B474</subfield>
    <subfield code="d">2016-06-15</subfield>
    <subfield code="l">2</subfield>
    <subfield code="o">AGR RET 2013 B474 Or.7</subfield>
    <subfield code="p">RUA057458</subfield>
    <subfield code="r">2017-10-17</subfield>
    <subfield code="s">2017-10-13</subfield>
    <subfield code="w">2016-06-15</subfield>
    <subfield code="y">AGR</subfield>
  </datafield>
  <datafield tag="952" ind1=" " ind2=" ">
    <subfield code="0">0</subfield>
    <subfield code="1">0</subfield>
    <subfield code="2">ddc</subfield>
    <subfield code="4">0</subfield>
    <subfield code="6">AGR_RET_2013_000000000000000_B474_OR_8</subfield>
    <subfield code="7">0</subfield>
    <subfield code="9">45849</subfield>
    <subfield code="a">LBB</subfield>
    <subfield code="b">LBB</subfield>
    <subfield code="c">B474</subfield>
    <subfield code="d">2016-06-15</subfield>
    <subfield code="l">1</subfield>
    <subfield code="o">AGR RET 2013 B474 Or.8</subfield>
    <subfield code="p">RUA057698</subfield>
    <subfield code="r">2024-09-03</subfield>
    <subfield code="s">2024-07-22</subfield>
    <subfield code="w">2016-06-15</subfield>
    <subfield code="y">AGR</subfield>
  </datafield>
  <datafield tag="952" ind1=" " ind2=" ">
    <subfield code="0">0</subfield>
    <subfield code="1">0</subfield>
    <subfield code="2">ddc</subfield>
    <subfield code="4">0</subfield>
    <subfield code="6">AGR_RET_2013_000000000000000_B642_OR_1</subfield>
    <subfield code="7">0</subfield>
    <subfield code="9">86944</subfield>
    <subfield code="a">LBB</subfield>
    <subfield code="b">LBB</subfield>
    <subfield code="c">B642</subfield>
    <subfield code="d">2021-09-29</subfield>
    <subfield code="l">13</subfield>
    <subfield code="o">AGR RET 2013 B642 Or.1</subfield>
    <subfield code="p">a09847</subfield>
    <subfield code="r">2025-12-12</subfield>
    <subfield code="s">2025-11-11</subfield>
    <subfield code="w">2021-09-29</subfield>
    <subfield code="y">AGR</subfield>
  </datafield>
  <datafield tag="952" ind1=" " ind2=" ">
    <subfield code="0">0</subfield>
    <subfield code="1">0</subfield>
    <subfield code="2">ddc</subfield>
    <subfield code="4">0</subfield>
    <subfield code="6">AGR_RET_2013_000000000000000_B642_OR_1</subfield>
    <subfield code="7">0</subfield>
    <subfield code="9">86945</subfield>
    <subfield code="a">LBB</subfield>
    <subfield code="b">LBB</subfield>
    <subfield code="c">B642</subfield>
    <subfield code="d">2021-09-29</subfield>
    <subfield code="l">3</subfield>
    <subfield code="o">AGR RET 2013 B642 Or.1</subfield>
    <subfield code="p">a10292</subfield>
    <subfield code="r">2024-12-04</subfield>
    <subfield code="s">2024-11-19</subfield>
    <subfield code="w">2021-09-29</subfield>
    <subfield code="y">AGR</subfield>
  </datafield>
</record>
